La infantería del marketing : (Registro nro. 30938)

Detalles MARC
000 -CABECERA
Longitud fija campo de control 01255nam a2200229 a 4500
003 - • IDENTIFICADOR DELl NÚMERO DE CONTROL
Identificador del número de control CO-ViMGA
008 - • CÓDIGOS DE INFORMACIÓN DE LONGITUD FIJA
Códigos de información de longitud fija 141112s2004 ck r 000 u spa d
040 ## - FUENTE DE LA CATALOGACIÓN
Centro catalogador de origen CO-ViMGA
Lengua de catalogación spa
Centro transcriptor CO-ViMGA
082 04 - • NÚMERO DE LA CLASIFICACIÓN DECIMAL DEWEY
Número de clasificación (R) 658.812 Z858i
100 1# - • PUNTO DE ACCESO PRINCIPAL-NOMBRE DE PERSONA
Nombre de persona Zuluaga Uribe, Gonzalo
245 10 - • TITULO PROPIAMENTE DICHO
Título La infantería del marketing :
Resto del título cómo asegurar el posicionamiento en el mercado
300 ## - • DESCRIPCIÓN FÍSICA
Extensión 99
505 ## - • NOTA DE CONTENIDO CON FORMATO
Nota de contenido con formato Del servicio al cliente, reflexiones : La infanteria del marketing, actitud de servicios , valores y tecnologia, contacto con el publico, el lenguaje del servicio, la cultura de la apariencia, la cultura del servicio, tratamiento a los clientes 3 - 35 - - Acerca de las ventas .Conceptos y practicas : Decalogo del vendedor, efectividad vendedora, el motor de los negocios, estrategias de venta profesional, experiencias traumaticas, la imagen du profesional, el saber en las ventas 39 - 101
590 ## - NOTAS LOCALES
Nota local Forma de adquisición : Compra - - Precio : 25000 - - Proveedor : Dismet - - Fecha de adquisición : 2008
650 14 - • PUNTO DE ACCESO ADICIONAL DE MATERIA - TÉRMINO DE MATERIA
Término de materia o nombre geográfico como elemento inicial MERCADEO
650 14 - • PUNTO DE ACCESO ADICIONAL DE MATERIA - TÉRMINO DE MATERIA
Término de materia o nombre geográfico como elemento inicial RELACIONES CON LOS CLIENTES
650 14 - • PUNTO DE ACCESO ADICIONAL DE MATERIA - TÉRMINO DE MATERIA
Término de materia o nombre geográfico como elemento inicial SERVICIO AL CLIENTE
650 14 - • PUNTO DE ACCESO ADICIONAL DE MATERIA - TÉRMINO DE MATERIA
Término de materia o nombre geográfico como elemento inicial VENDEDORES Y ARTE DE VENDER
942 ## - ENTRADA DE ELEMENTOS AGREGADOS (KOHA)
Fuente de clasificaión o esquema Dewey Decimal Classification
Koha [por defecto] tipo de item LIbro
Existencias
Perdido Fuente de clasificación o esquema Estado Físico No para préstamo Forma de adquisición Localización permanente Localización actual Fecha adquisición Serie de enumeración / cronolog&íacute;a Préstamos totales Renovaciones totales Signatura completa Código de barras Fecha última consulta Fecha último préstamo Número de copia Fecha del precio de reemplazo Tipo de item de Koha
  Dewey Decimal Classification     Sala Especializada Tercer Piso Biblioteca Pública Germán Arciniegas - Villavicencio Biblioteca Pública Germán Arciniegas - Villavicencio 12/04/2015 Volumen. 1 | 11/jun/2009 1 1 658.812 Z858i 22637 06/03/2016 05/14/2016 Ej. 1 12/04/2015 LIbro









Instituto Departamental de Cultura del Meta - Red Departamental de Bibliotecas Públicas del Meta.